000
00227nam a22000857a 4500
008
161227b xxu||||| |||| 00| 0 eng d
100
_9
2182
_a
Kaur.K
245
_a
Creative art and Craft
260
_a
New Delhi
_b
Cordava Publication
_c
2006
999
_c
5071
_d
5071